00588nam a2200169 a 450000500170000000800410001702000180005805000250007610000190010124500980012026000320021830000330025050000660028352100070034965000380035665000240039420140310183401.0121115s19uu xx 00 eng d a9780415549219 aPN 2053 b.B318 2010 aBarba, Eugenio aOn directing and dramaturgy :bburning the house /cEugenio Barba ; translated by Judy Barba. aLondon :broutledge,c2010. axx, 218 p. :bill. ;c24 cm. aTranslated from Italian. Includes bibliographical references. aMA aTheaterxProduction and direction aTheaterxPhilosophy